Fr. Conceicao Rodrigues College of Engineering

Operating systems:Internals and design principles (Record no. 30657)

MARC details
000 -LEADER
fixed length control field 00419nam a2200181Ia 4500
082 ## - DEWEY DECIMAL CLASSIFICATION NUMBER
Classification number 5.43
Item number STA
100 ## - MAIN ENTRY--PERSONAL NAME
Personal name Stallings/William
250 ## - EDITION STATEMENT
Edition statement 7
245 ## - TITLE STATEMENT
Title Operating systems:Internals and design principles
260 ## - PUBLICATION, DISTRIBUTION, ETC.
Name of publisher, distributor, etc. Pearson Education
Date of publication, distribution, etc. 2014
366 ## - TRADE AVAILABILITY INFORMATION
Publishers's discount category 25
300 ## - PHYSICAL DESCRIPTION
Extent 708
546 ## - LANGUAGE NOTE
Language note ENGLISH
-- Computers
650 ## - SUBJECT ADDED ENTRY--TOPICAL TERM
Topical term or geographic name entry element Operating systems
654 ## - SUBJECT ADDED ENTRY--FACETED TOPICAL TERMS
Focus term operating systems
942 ## - ADDED ENTRY ELEMENTS (KOHA)
Koha item type BOOK
Holdings
Withdrawn status Lost status Damaged status Not for loan Collection Home library Current library Date acquired Source of acquisition Cost, normal purchase price Inventory number Total Checkouts Full call number Barcode Date last seen Date last checked out Cost, replacement price Price effective from Koha item type
        CRC Fr. Agnel's C.Rodrigues College of Engineering AGNEL TECHNICAL COLLEGE LIBRARY 17/03/2023 Allied Publishers 614.25 264 dt 31.05.2016 2 5.43 STA 24180 04/01/2025 21/09/2024 819.00   BOOK
        CRC Fr. Agnel's C.Rodrigues College of Engineering Fr. Agnel's C.Rodrigues College of Engineering 17/03/2023 Allied Publishers 614.25 264 dt 31.05.2016 2 5.43 STA 24177 30/05/2025 18/11/2024 819.00   BOOK
        CRC Fr. Agnel's C.Rodrigues College of Engineering Fr. Agnel's C.Rodrigues College of Engineering 17/03/2023 Allied Publishers 614.25 264 dt 31.05.2016   5.43 STA 24178 17/03/2023   819.00   BOOK
        CRC Fr. Agnel's C.Rodrigues College of Engineering Fr. Agnel's C.Rodrigues College of Engineering 17/03/2023 Allied Publishers 614.25 264 dt 31.05.2016   5.43 STA 24179 17/03/2023   819.00   BOOK
        CRC Fr. Agnel's C.Rodrigues College of Engineering Fr. Agnel's C.Rodrigues College of Engineering 17/03/2023 Allied Publishers 614.25 264 dt 31.05.2016   5.43 STA 24181 17/03/2023   819.00   BOOK